ბათუმის შოთა რუსთაველის სახელმწიფო უნივერსიტეტის ბიბლიოთეკა

სრული კრებული : (ბიბ.ჩანაწერი № 41507)

000 -ლიდერი
ფიქსირებული სიგრძის საკონტროლო ველი 01415nam a2200241Ia 4500
001 - საკონტროლო ნომერი
საკონტროლო ველი 8174
003 - საკონტროლო ნომრის იდენტიფიკატორი
საკონტროლო ველი GE_BSU
005 - ბოლო ოპერაციის თარიღი და დრო
საკონტროლო ველი 20221004153847.0
008 - ფიქსირებული სიგრძის მონაცემთა ელემენტები - ზოგადი ინფორმაცია
ფიქსირებული სიგრძის საკონტროლო ველი 181216s1951ge xx |||||||||||||| ||geo||
040 ## - კატალოგიზაციის წყარო
Transcribing agency GE_BSU
041 ## - ენის კოდი
Language code of text/sound track or separate title geo
080 ## - უნივერსალური ათობითი კლასიფიკაციის ინდექსი
Universal Decimal Classification number 821.353.1-82 დ-15
100 ## - მთავარი ჩანაწერი - პიროვნების სახელი
Personal name დავითაშვილი, იოსებ.
9 (RLIN) 15028
245 ## - ცნობა სათაურის შესახებ
Title სრული კრებული :
Remainder of title ლექსები:მოთხრობები /
Statement of responsibility, etc იოსებ დავითაშვილი, სოლომონ ყუბანეიშვილის რედაქციით წინასიტყვაობით და შენიშვნებით;რედ:რაჟდენ გვეტაძე.
264 ## - წარმოების, გამოცემის, დისტრიბუციის და სხვა ცნობები
გამოცემის, წარმოების, დისტრიბუციის... ადგილი თბილისი :
გამოცემის, წარმოების, დისტრიბუციის... სახელწოდება საბჭ.მწერლ.გამ-ბა.
გამოცემის, წარმოების, დისტრიბუციის... თარიღი 1951.
300 ## - ფიზიკური აღწერა
Extent 416 გვ;
Dimensions 21 სმ.
Accompanying material 8ფურც.პორტრ.და ილ.
501 ## - შენიშვნა თანმხლებ მასალაზე
With note დანართი:ვარიანტები და შენიშვნ.გვ:275-412.
653 ## - INDEX TERM--UNCONTROLLED
Uncontrolled term ლექსები
653 ## - INDEX TERM--UNCONTROLLED
Uncontrolled term მოთხრობები.
700 ## - ADDED ENTRY--PERSONAL NAME
Personal name ყუბანეიშვილი, სოლომონ
Relator term რედაქციით წინასიტყვაობით და შენიშვნებით
9 (RLIN) 15029
700 ## - ADDED ENTRY--PERSONAL NAME
Personal name გვეტაძე, რაჟდენ
Relator term რედაქტორი
9 (RLIN) 5973
942 ## - ADDED ENTRY ELEMENTS (KOHA)
Koha item type წიგნი
Source of classification or shelving scheme
ეგზემპლარები
ჩამოწერის სტატუსი დაკარგული ეგზემპლარის სტატუსი კლასიფიკაციის წყარო ან თაროზე გაწყობის სქემა დაზიანების სტატუსი არ გაიცემა მუდმივი მდებარეობა (დაცვის ადგილი) ამჟამინდელი ადგილსამყოფელი თაროზე განთავსების ადგილი შეძენის თარიღი ღირებულება, შესყიდვის ნორმალური ფასი სრული შენახვის შიფრი შტრიხკოდი ბოლო ოპერაციის თარიღი ეგზემპლარის მიმდევრობითი ნომერი (კეტერი?) ფასის ძალაში შესვლის თარიღი ეგზემპლარის სახეობა საჯარო შენიშვნა
          ბათუმის შოთა რუსთაველის სახელმწიფო უნივერსიტეტის მთავარი ბიბლიოთეკა ბათუმის შოთა რუსთაველის სახელმწიფო უნივერსიტეტის მთავარი ბიბლიოთეკა წიგნსაცავი 2018-12-17 2.00 821.353.1-82 დ-15 25116 2018-12-17 25116 2018-12-17 წიგნი 2.00
          ბათუმის შოთა რუსთაველის სახელმწიფო უნივერსიტეტის მთავარი ბიბლიოთეკა ბათუმის შოთა რუსთაველის სახელმწიფო უნივერსიტეტის მთავარი ბიბლიოთეკა წიგნსაცავი 2018-12-17 2.00 821.353.1-82 დ-15 25117 2018-12-17 25117 2018-12-17 წიგნი 2.00
          ბათუმის შოთა რუსთაველის სახელმწიფო უნივერსიტეტის მთავარი ბიბლიოთეკა ბათუმის შოთა რუსთაველის სახელმწიფო უნივერსიტეტის მთავარი ბიბლიოთეკა წიგნსაცავი 2018-12-17 2.00 821.353.1-82 დ-15 25118 2018-12-17 25118 2018-12-17 წიგნი 2.00
          ბათუმის შოთა რუსთაველის სახელმწიფო უნივერსიტეტის მთავარი ბიბლიოთეკა ბათუმის შოთა რუსთაველის სახელმწიფო უნივერსიტეტის მთავარი ბიბლიოთეკა წიგნსაცავი 2018-12-17 2.00 821.353.1-82 დ-15 25119 2018-12-17 25119 2018-12-17 წიგნი 2.00
          ბათუმის შოთა რუსთაველის სახელმწიფო უნივერსიტეტის მთავარი ბიბლიოთეკა ბათუმის შოთა რუსთაველის სახელმწიფო უნივერსიტეტის მთავარი ბიბლიოთეკა წიგნსაცავი 2018-12-17 2.00 821.353.1-82 დ-15 25120 2018-12-17 25120 2018-12-17 წიგნი 2.00
          ბათუმის შოთა რუსთაველის სახელმწიფო უნივერსიტეტის მთავარი ბიბლიოთეკა ბათუმის შოთა რუსთაველის სახელმწიფო უნივერსიტეტის მთავარი ბიბლიოთეკა წიგნსაცავი 2018-12-17 2.00 821.353.1-82 დ-15 25121 2018-12-17 25121 2018-12-17 წიგნი 2.00